[Event "AUTO-OPEN-2284"]
[Site "http://www.queenalice.com/game.php?id=908785"]
[Date "2011.3.5"]
[Round "1"]
[White "Mrcheck"]
[Black "LeoDZeppelin"]
[Result "0-1"]
[WhiteElo "1060"]
[BlackElo "1775"]

1. e4 e5 2. Nf3 Qf6 3. d3 h6 4. Nc3 Bb4 5. a3 Bxc3+ 6. bxc3 d6 7. d4 Nc6 8. Bb5
Bd7 9. Rb1 Nge7 10. Bxc6 Nxc6 11. Rxb7 Na5 12. Rxc7 Qd8 13. Rxd7 Qxd7 14. dxe5
Nc4 15. Bf4 O-O 16. exd6 Rad8 17. Qd4 Nxa3 18. Qd3 Nb5 19. Ne5 Qxd6 20. O-O Qxd3
21. cxd3 Nxc3 22. Be3 Rfe8 0-1

[Event "Challenge"]
[Site "http://www.queenalice.com/game.php?id=909522"]
[Date "2011.3.7"]
[Round "-"]
[White "Mrcheck"]
[Black "piemme"]
[Result "0-1"]
[WhiteElo "1065"]
[BlackElo "1674"]

1. e4 e5 2. Nf3 d6 3. Bc4 h6 4. d3 c6 5. O-O b5 6. Bb3 a5 7. Nc3 a4 8. Bxf7+
Kxf7 9. d4 exd4 10. Nxd4 Nf6 11. Qf3 Bg4 12. Qf4 c5 13. Nf5 b4 14. Nd5 Bxf5 15.
Qxf5 Be7 16. g4 g6 17. Qf3 a3 18. h4 axb2 19. Bxb2 Nd7 20. g5 Kg7 21. gxf6+ Bxf6
22. h5 Bxb2 23. Rad1 Rf8 24. Qg3 g5 25. Rb1 Rxa2 26. Qb3 Qa8 27. Rxb2 Ra1 28.
Nc7 Rxf1+ 29. Kxf1 Qxe4 30. Ne6+ Kf6 0-1

[Event "Challenge"]
[Site "http://www.queenalice.com/game.php?id=915440"]
[Date "2011.3.21"]
[Round "-"]
[White "Mrcheck"]
[Black "essenfelder"]
[Result "0-1"]
[WhiteElo "1233"]
[BlackElo "1700"]

1. e4 c5 2. Bc4 Nc6 3. d3 Nf6 4. Nc3 e6 5. Nf3 d5 6. Bb5 Bd7 7. O-O a6 8. Bxc6
Bxc6 9. Ne5 Bd7 10. Bg5 Be7 11. Qf3 O-O 12. a4 d4 13. Bxf6 Bxf6 14. Qh5 Bxe5 15.
Qxe5 dxc3 16. Qxc3 Qc7 17. b4 Rac8 18. a5 cxb4 19. Qxb4 Qxc2 20. Qxb7 Qxd3 21.
Rad1 Bc6 0-1

[Event "AUTO-INT-1987"]
[Site "http://www.queenalice.com/game.php?id=915609"]
[Date "2011.3.21"]
[Round "1"]
[White "cathare"]
[Black "Mrcheck"]
[Result "1-0"]
[WhiteElo "1676"]
[BlackElo "1065"]

1. d4 Nc6 2. e4 Nf6 3. e5 Nd5 4. c4 Ndb4 5. d5 Nxe5 6. b3 d6 7. a3 Na6 8. Be2
Bf5 9. Nf3 Qd7 10. Nc3 Bg4 11. Nxe5 dxe5 12. Bxg4 f5 13. Be2 e6 14. dxe6 Qxe6
15. b4 c5 16. b5 1-0

[Event "AUTO-INT-1987"]
[Site "http://www.queenalice.com/game.php?id=915610"]
[Date "2011.3.21"]
[Round "1"]
[White "Mrcheck"]
[Black "cathare"]
[Result "0-1"]
[WhiteElo "1065"]
[BlackElo "1656"]

1. e4 e5 2. Nf3 d6 3. Nc3 Bg4 4. Bc4 Nf6 5. h3 Bd7 6. O-O Bc6 7. d3 h6 8. d4 b5
9. Bxb5 Bxb5 10. Re1 Bc6 11. Qe2 a6 0-1